Equality and the religious traditions of Asia / (Record no. 30924)
[ view plain ]
| 000 -LEADER | |
|---|---|
| fixed length control field | 00750pam a2200265 a 4500 |
| 001 - CONTROL NUMBER | |
| control field | 30924 |
| 003 - CONTROL NUMBER IDENTIFIER | |
| rucl marc code | BD-RjUL |
| 005 - DATE AND TIME OF LATEST TRANSACTION | |
| control field | 20211209051633.0 |
| 008 - FIXED-LENGTH DATA ELEMENTS--GENERAL INFORMATION | |
| fixed length control field | 140412s1987 u b 001 0 eng |
| 020 ## - INTERNATIONAL STANDARD BOOK NUMBER | |
| International Standard Book Number | 031200401X : |
| 035 ## - SYSTEM CONTROL NUMBER | |
| System control number | (BD-RjUL)31011 |
| 040 ## - CATALOGING SOURCE | |
| Original cataloging agency | DLC |
| Transcribing agency | DLC |
| Modifying agency | DLC |
| Language of cataloging | eng |
| 041 ## - LANGUAGE CODE | |
| Language code of text/sound track or separate title | eng |
| 082 00 - DEWEY DECIMAL CLASSIFICATION NUMBER | |
| Classification number | 291.17834 |
| Edition number | 19 |
| Author mark and year | EQU 1987 |
| 245 00 - TITLE STATEMENT | |
| Title | Equality and the religious traditions of Asia / |
| Statement of responsibility, etc. | edited by R. Siriwardena. |
| 260 ## - PUBLICATION, DISTRIBUTION, ETC. (IMPRINT) | |
| Place of publication, distribution, etc. | London : |
| Name of publisher, distributor, etc. | France pinter, |
| Date of publication, distribution, etc. | 1987. |
| 300 ## - PHYSICAL DESCRIPTION | |
| Pagination | 173 p. ; |
| Size | 24 cm. |
| 504 ## - BIBLIOGRAPHY, ETC. NOTE | |
| Bibliography, etc | Includes index. |
| 650 #0 - SUBJECT ADDED ENTRY--TOPICAL TERM | |
| Topical term or geographic name as entry element | Equality |
| General subdivision | Religious aspects. |
| 9 (RLIN) | 93953 |
| Topical term or geographic name as entry element | Religions. |
| 9 (RLIN) | 93954 |
| 700 1# - ADDED ENTRY--PERSONAL NAME | |
| Personal name | Siriwardena, Reggie. |
| 942 ## - ADDED ENTRY ELEMENTS (KOHA) | |
| Source of classification or shelving scheme | Dewey Decimal Classification |
| Koha item type | Books |
| Lost status | Source of classification or shelving scheme | Damaged status | Not for loan | Collection code | Permanent Location | Current Location | Shelving location | Date acquired | Source of acquisition | Cost, normal purchase price | Total Checkouts | Full call number | Date last seen | Date checked out | Copy number | Koha item type |
|---|---|---|---|---|---|---|---|---|---|---|---|---|---|---|---|---|
| Dewey Decimal Classification | Non-fiction | Central Library, University of Rajshahi | Central Library, University of Rajshahi | 25/02/2008 | Paragon | 250.00 | 3 | 291.17834 EQU 1987 | 05/11/2025 | 22/10/2025 | C-2 | Books |